000 00429nam a2200157 i 4500
001 42371
003 ES-MaACL
005 20230906160611.0
007 t|
008 030313s1972 sp ||||1| spa d
100 1 _aCastresana, Luis de.
_936806
245 1 0 _aMaite y otras fabulas vascas /
_cLuis de Castresana.
260 _aMadrid :
_bCunillera,
_c[1972]
300 _a239 p. ;
_c19 cm.
852 _aES-MaACL
_jC-49778
_bR.84511
999 _c42371
_d42371